000 02255nam2a22003251 4500
001 rc\3716615
005 20250610041112.0
021 _aRU
_b[74-92693]
035 _a(NLR Aleph) 007681470
090 _a6542709
_c6542709
100 _a20130115d1973 |||y0rusy50 ca
101 0 _arus
102 _aRU
105 _ab z |||||
200 1 _a[Армянская ССР]
_eДанные за отд. годы
_f[Сост. И.С. Торосян, У.М. Вирабян, Э.Л. Азатян, Н.М. Мнацаканян]
_gГл. упр. гидрометеорол. службы при Совете Министров СССР. Ереван. гидрометеорол. обсерватория. Упр. гидрометслужбы АрмССР
_hЧ. 7
_iАтмосферные явления. Туманы, метели, грозы, град
210 _aТбилиси
_d1973
215 _a236 с.
_cкарт.
_d28
461 0 _1001rc\3716534
_12001#$aСправочник по климату в СССР$e[В 34 вып.]$eВып. 1-$fГл. упр. гидрометеорол. службы при Совете Министров СССР. Сев. упр. гидрометеорол. службы. Арханг. гидрометеорол. обсерватория$vВып. 16
_96541868
_cАрхангельск
_d1972-
_fГл. упр. гидрометеорол. службы при Совете Министров СССР. Сев. упр. гидрометеорол. службы. Арханг. гидрометеорол. обсерватория
_nБ. и.
_o[В 34 вып.] : Вып. 1-
_tСправочник по климату в СССР
_vВып. 16
517 0 _aТуманы, метели, грозы, град
532 1 2 _aАрмянская Советская Социалистическая Республика
606 _aМетеорологические наблюдения
_yАрмянская ССР
_jСправочники (вып. 16)
_2psbo
702 1 _aВирабян
_bУ.М.
_4220
702 1 _aАзатян
_bЭ.Л.
_4220
702 1 _aМнацаканян
_bН.М.
_4220
702 1 _aТоросян
_bИ.С.
_4220
801 0 _aRU
_bNLR
_gpsbo
801 1 _aRU
_bELAR
_2rusmarc
852 _aNLR
_j69-7/3298
942 _cBOOK
980 _aNB